Twenty One Pilots Songs with the most daily Streams (Spotify) - Statistics

General Stats
  • This quiz has been taken 4 times
  • The average score is 10 of 16
Answer Stats
Daily Streams Song % Correct
≈1'200'000 Stressed Out
100%
≈101‘000 Car Radio
75%
≈260'000 Chlorine
75%
≈350'000 Doubt
75%
≈710'000 Heathens
75%
≈145'000 Heavydirtysoul
75%
≈900'000 Ride
75%
≈230'000 Tear in My Heart
75%
≈100‘000 City Walls
50%
≈770'000 Drag Path
50%
≈98‘000 Drum Show
50%
≈115‘000 Hometown
50%
≈98‘000 RAWFEAR
50%
≈150'000 Routines In The Night
50%
≈98‘000 The Contract
50%
≈215'000 The Line
50%
No matching quizzes found
Score Distribution
Percent of People with Each Score
Percentile by Number Answered
Your Score History
You have not taken this quiz